Humary Bohat hi piyary Quaid-i-Azam (1939-48) (Record no. 480133)
[ view plain ]
| 000 -LEADER | |
|---|---|
| fixed length control field | 00320nam a22001337a 4500 |
| 003 - CONTROL NUMBER IDENTIFIER | |
| control field | ASAB |
| 005 - DATE AND TIME OF LATEST TRANSACTION | |
| control field | 20180827062642.0 |
| 008 - FIXED-LENGTH DATA ELEMENTS--GENERAL INFORMATION | |
| fixed length control field | 160620t xxu||||| |||| 00| 0 eng d |
| 020 ## - INTERNATIONAL STANDARD BOOK NUMBER | |
| International Standard Book Number | 978-969-562-388-6 |
| 040 ## - CATALOGING SOURCE | |
| Transcribing agency | ASAB |
| 245 ## - TITLE STATEMENT | |
| Title | Humary Bohat hi piyary Quaid-i-Azam (1939-48) |
| 300 ## - PHYSICAL DESCRIPTION | |
| Extent | 144 p. |
| 942 ## - ADDED ENTRY ELEMENTS (KOHA) | |
| Source of classification or shelving scheme | |
| Koha item type | Book |
| Withdrawn status | Lost status | Source of classification or shelving scheme | Damaged status | Not for loan | Collection code | Permanent Location | Current Location | Date acquired | Total Checkouts | Barcode | Date last seen | Price effective from | Koha item type |
|---|---|---|---|---|---|---|---|---|---|---|---|---|---|
| Atta-ur-Rahman School of Applied Biosciences (ASAB) | Atta-ur-Rahman School of Applied Biosciences (ASAB) | 06/20/2016 | ASAB3335 | 06/20/2016 | 06/20/2016 | Book | |||||||
| Atta-ur-Rahman School of Applied Biosciences (ASAB) | Atta-ur-Rahman School of Applied Biosciences (ASAB) | 06/20/2016 | ASAB3334 | 06/20/2016 | 06/20/2016 | Book |
